| 000 | 00553nam a2200205 a 4500 | ||
|---|---|---|---|
| 005 | 20210223120700.0 | ||
| 008 | 991125s1994 mx 000 0 spa u | ||
| 020 | _a9681901630 | ||
| 035 | _aUPN01000005389 | ||
| 049 | _aI | ||
| 050 | 4 |
_aAE61 _bB598 no.36 |
|
| 100 | 1 | _aKentley, Eric | |
| 245 | 1 | 0 |
_aBarcos / _cEric Lentley ; tr. Juan Génova Sotil. |
| 260 |
_aMéxico : _bAltea, _c1994. |
||
| 300 |
_a64 p. : _bil. col. |
||
| 440 | 0 |
_aBiblioteca Visual Altea ; _v36 |
|
| 650 | 4 |
_aBARCOS _9743 |
|
| 650 | 4 |
_aTRANSPORTES - _xHISTORIA |
|
| 905 | _aInfantil | ||
| 999 |
_c5389 _d5389 |
||